MARC

LEADER 00000nab a2200000 4500
001 vtls012273794
003 SK-MaSNL
005 20260318114132.0
008 250320c2018 xo br|p || ||00 c0ukr
015 |a SNBRB2025/03 
038 |a SVKPOCL 
040 |a SVKPOCL  |b slo  |c SVKPOCL  |e rda 
041 0 |a ukr 
043 |a e-un--- 
044 |a xo  |c SK 
072 7 |a 821.161.09  |x Východoslovanské literatúry (o nich)  |2 konspekt 
072 7 |a 82-9  |x Literárna kritika, vecná literatúra a rôzne ďalšie žánre  |2 konspekt 
080 |a 821.161.2-051  |2 2011 
080 |a 82-95-051  |2 2011 
080 |a 82(091)"19/20"  |2 2011 
080 |a 808.1:82  |2 2011 
080 |a 070.422  |2 2011 
080 |a (477)  |2 2011 
100 1 |a Horvat, Vasyl' Vasyljovyč,  |d 1961-  |4 aut  |9 1633150 
245 1 0 |a Ščo vtratylo ukrajins'ke literaturne seredovyšče bez Oresta Zilyns'koho?  |c Vasyl' Horvat 
300 |b Fotografie 
336 |a text  |b txt  |2 rdacontent 
337 |a bez média  |b n  |2 rdamedia 
338 |a zväzok  |b nc  |2 rdacarrier 
500 |a V rubrike Publicystyka 
600 1 7 |a Horvat, Vasyľ Vasyljovyč,  |d 1961-  |2 svkpocl  |9 1107390 
600 1 7 |a Hončar, Oles',  |d 1918-1995  |t «Sobor»  |f (1967)  |2 svkpocl  |9 1633151 
600 1 7 |a Hončar, Oles',  |d 1918-1995  |t «Tronka»  |f (1963)  |2 svkpocl  |9 1633152 
600 1 7 |a Zilynskyj, Orest,  |d 1923-1976  |2 SNKMA  |9 134675 
630 0 7 |a «Sobor»  |g (ukrajinský román  |f (1967)  |2 svkpocl  |9 1633153 
630 0 7 |a «Tronka»  |g (ukrajinský román  |f (1967)  |f (1963)  |2 svkpocl  |9 1633154 
630 0 7 |a Ekzyl'  |g (vedecko-umelecký časopis)  |2 svkpocl  |9 1633155 
630 0 7 |a Vidnajdennja Prjašivs'koji Rusi-Ukrajiny. Tom 2  |f (2018)  |2 svkpocl  |9 1633156 
648 7 |a 1943  |2 svkpocl  |9 291586 
648 7 |a 1945  |2 svkpocl  |9 287702 
648 7 |a 1949  |2 svkpocl  |9 305903 
648 7 |a 1958  |2 svkpocl  |9 280710 
650 0 7 |a ukrajinská literatúra  |2 SNKPH  |9 1218 
650 0 7 |a literárnovedné rozbory  |2 SNKPH  |9 241582 
650 0 7 |a publicisti  |2 SNKPH  |9 63929 
650 0 7 |a ukrajinskí spisovatelia  |2 SNKPH  |9 66678 
650 0 7 |a literárna história  |2 SNKPH  |9 1136 
650 0 7 |a biografia  |2 SNKPH  |9 71085 
650 0 7 |a literárni kritici  |2 SNKPH  |9 89457 
650 0 7 |a osobnosti  |2 SNKPH  |9 29820 
650 0 7 |a literárna tvorba  |2 SNKPH  |9 4226 
651 7 |a Krasna (Poľsko)  |2 svkpocl  |9 1633157 
651 7 |a Praha (Česko)  |2 SNKPHgeo  |9 19313 
651 7 |a Česko  |2 SNKPHgeo  |9 16753 
651 7 |a Poľsko  |2 SNKPHgeo  |9 16755 
773 0 |t Duklja  |g Rik vydannja 66, № 3 (2018), s. 50, 51  |x 0419-8131 
852 |a SVKPO  |b KIS3GCP 
958 |a SS 
958 |a LX 
958 |a BC 
958 |a UA 
958 |a NM 
999 |c 3365261  |d 3367191